The Chase (Record no. 10018)
[ view plain ]
| 000 -LEADER | |
|---|---|
| fixed length control field | 00395nam a22001577a 4500 |
| 005 - DATE AND TIME OF LATEST TRANSACTION | |
| control field | 20260306052642.0 |
| 008 - FIXED-LENGTH DATA ELEMENTS--GENERAL INFORMATION | |
| fixed length control field | 240911b |||||||| |||| 00| 0 eng d |
| 082 ## - DEWEY DECIMAL CLASSIFICATION NUMBER | |
| Classification number | 813.54 |
| 100 ## - MAIN ENTRY--PERSONAL NAME | |
| Personal name | Jamtsho Thinley |
| 245 ## - TITLE STATEMENT | |
| Title | The Chase |
| 250 ## - EDITION STATEMENT | |
| Edition statement | 2nd ed. |
| 260 ## - PUBLICATION, DISTRIBUTION, ETC. | |
| Place of publication, distribution, etc. | Thimphu : |
| Name of publisher, distributor, etc. | P.T Printing and Publishing House, |
| Date of publication, distribution, etc. | 2024. |
| 300 ## - PHYSICAL DESCRIPTION | |
| Extent | 182 p.; |
| Dimensions | 18 Cm. |
| 942 ## - Added entry Elements (Koha) | |
| Source of classification or shelving scheme | Dewey Decimal Classification |
| Koha item type | Fiction |
| Withdrawn status | Lost status | Source of classification or shelving scheme | Damaged status | Not for loan | Collection code | Home library | Current library | Shelving location | Date acquired | Serial Enumeration / chronology | Total Checkouts | Total Renewals | Full call number | Barcode | Date last seen | Date last checked out | Price effective from | Koha item type | Public note |
|---|---|---|---|---|---|---|---|---|---|---|---|---|---|---|---|---|---|---|---|
| Dewey Decimal Classification | Fiction | RTC Library | RTC Library | Fiction | 11/09/2024 | 18826 | 5 | 3 | FIC 813.54 JAM C.1 | 30019956 | 11/09/2025 | 04/09/2025 | 11/09/2024 | Fiction | |||||
| Dewey Decimal Classification | Fiction | RTC Library | RTC Library | Fiction | 11/09/2024 | 18827 | 4 | 1 | FIC 813.54 JAM C.2 | 30019964 | 20/08/2025 | 12/08/2025 | 11/09/2024 | Fiction | |||||
| Dewey Decimal Classification | Fiction | RTC Library | RTC Library | Fiction | 11/09/2024 | 18828 | 3 | 1 | FIC 813.54 JAM C.3 | 30019976 | 20/08/2025 | 12/08/2025 | 11/09/2024 | Fiction | |||||
| Dewey Decimal Classification | Fiction | RTC Library | RTC Library | Fiction | 16/10/2024 | 18961 | 3 | FIC 813.54 JAM C.4 | 30020080 | 19/09/2025 | 04/09/2025 | 16/10/2024 | Fiction | Donated by Dr. Dolma |